[Event "TCh-NOR Elite 2023-24"]
[Site "Oslo NOR"]
[Date "2023.10.28"]
[Round "2.22"]
[White "Urkedal, Frode Olav Olsen"]
[Black "Gullaksen, Eirik"]
[Result "1-0"]
[WhiteTitle "GM"]
[BlackTitle "IM"]
[WhiteElo "2536"]
[BlackElo "2312"]
[WhiteTeam "Offerspill"]
[BlackTeam "Bergens"]
[WhiteFideId "1506102"]
[BlackFideId "1500945"]
[EventDate "2023.10.27"]
[EventType "team"]

1. d4 Nf6 2. c4 e6 3. Nc3 Bb4 4. Nf3 O-O 5. e3 d6 6. Bd2 Qe7 7. a3 Bxc3 8. Bxc3
Ne4 9. Qc2 Nxc3 10. Qxc3 Nd7 11. Be2 b6 12. O-O Bb7 13. b4 c5 14. bxc5 dxc5 15.
a4 Rac8 16. Rfe1 Rc7 17. Rad1 cxd4 18. exd4 Rfc8 19. Bf1 Qf6 20. Re3 h6 21. Qb4
Qf4 22. a5 Ba6 23. Qa4 bxa5 24. g3 Qd6 25. c5 Qc6 26. Qxc6 Rxc6 27. d5 exd5 28.
Bh3 R8c7 29. Bxd7 Rxd7 30. Ne5 Rcc7 31. Nxd7 Rxd7 32. Ra3 Bc4 33. Rxa5 Kf8 34.
f4 a6 35. Kf2 Rb7 36. Re1 Rb2+ 37. Kg1 Bb5 38. Rd1 Bc4 39. c6 Rb8 40. Rc5 Ke7
41. c7 Rc8 42. Kf2 g6 43. Ke3 a5 44. Ra1 Kd6 45. Raxa5 Rxc7 46. Rxc7 Kxc7 47.
Ra7+ Kd6 48. Kd4 Ke6 49. g4 Kf6 50. Rb7 Be2 51. Rb6+ Kg7 52. h3 Bf1 53. Rb3 Bc4
54. Re3 Kf6 55. h4 Ba2 56. Re5 Bb3 57. h5 gxh5 58. Rxh5 Kg7 59. Rh1 Bc4 60. Rh2
Bb3 61. Ke5 Bd1 62. Rh4 Bb3 63. f5 Bc4 64. Rh2 Bb3 65. Rd2 Bc4 66. Rb2 Bf1 67.
f6+ Kh7 68. Rb7 Kg6 69. Rb8 d4 70. Rg8+ Kh7 71. Rg7+ Kh8 72. Kxd4 1-0

[Event "TCh-NOR Elite 2023-24"]
[Site "Oslo NOR"]
[Date "2023.10.28"]
[Round "2.23"]
[White "Gabrielsen, Stig"]
[Black "Haldorsen, Benjamin"]
[Result "1/2-1/2"]
[WhiteTitle "FM"]
[BlackTitle "IM"]
[WhiteElo "2278"]
[BlackElo "2426"]
[WhiteTeam "Bergens"]
[BlackTeam "Offerspill"]
[WhiteFideId "1501518"]
[BlackFideId "1512633"]
[EventDate "2023.10.27"]
[EventType "team"]

1. e4 e5 2. Nf3 Nc6 3. Bb5 a6 4. Ba4 d6 5. c3 Bd7 6. d4 g6 7. O-O Bg7 8. dxe5
dxe5 9. Nbd2 Qe7 10. b4 Nf6 11. Bb3 O-O 12. a4 b5 13. Re1 Nh5 14. Nf1 Nf4 15.
Ne3 bxa4 16. Bxa4 Rfd8 17. Nd5 Qd6 18. Be3 Nxd5 19. exd5 Nb8 20. Bb3 Bg4 21. h3
Bxf3 22. Qxf3 Nd7 23. Bd2 a5 24. bxa5 Nc5 25. Bc4 e4 26. Qe2 Nd3 27. Reb1 Qc5
28. Bxd3 exd3 29. Qxd3 Rxd5 30. Qe2 Qd6 31. Ra2 Rdxa5 32. Rxa5 Rxa5 33. Qe8+ Bf8
34. Bh6 Rh5 35. Be3 Rd5 36. Bh6 Rh5 37. Be3 Rd5 38. Bh6 Rh5 39. Be3 1/2-1/2

[Event "TCh-NOR Elite 2023-24"]
[Site "Oslo NOR"]
[Date "2023.10.28"]
[Round "2.24"]
[White "Johansson, Linus"]
[Black "Mansoor, Afras"]
[Result "1-0"]
[WhiteTitle "IM"]
[WhiteElo "2427"]
[BlackElo "2181"]
[WhiteTeam "Offerspill"]
[BlackTeam "Bergens"]
[WhiteFideId "1711113"]
[BlackFideId "1522108"]
[EventDate "2023.10.27"]
[EventType "team"]

1. d4 Nf6 2. c4 e6 3. Nf3 d5 4. Nc3 Bb4 5. Qa4+ Nc6 6. a3 Bxc3+ 7. bxc3 Ne4 8.
Bf4 Bd7 9. Qc2 g5 10. Be3 Qf6 11. g3 g4 12. Nh4 Na5 13. cxd5 exd5 14. Bg2 Qc6
15. Bxe4 dxe4 16. O-O O-O-O 17. a4 Be6 18. Rfb1 f6 19. Rb5 Rd5 20. Qxe4 Rxb5 21.
Qxc6 bxc6 22. axb5 Nc4 23. Rxa7 Kb8 24. Ra6 Kb7 25. Rxc6 Bd5 26. Rc5 Nxe3 27.
fxe3 Be4 28. Ng2 Ra8 29. Nf4 Ra1+ 30. Kf2 Rh1 31. Rh5 Kb6 32. c4 Rc1 33. Nd5+
Kb7 34. Nxf6 Bg6 35. Rc5 h5 36. Rg5 Bf7 37. d5 Rxc4 38. Rg7 Bxd5 39. Nxd5 Rc5
40. Rxc7+ Rxc7 41. Nxc7 1-0

[Event "TCh-NOR Elite 2023-24"]
[Site "Oslo NOR"]
[Date "2023.10.28"]
[Round "2.25"]
[White "Mork, Kjell Arne"]
[Black "Dolgova, Olga"]
[Result "1/2-1/2"]
[WhiteTitle "FM"]
[BlackTitle "WIM"]
[WhiteElo "2231"]
[BlackElo "2171"]
[WhiteTeam "Bergens"]
[BlackTeam "Offerspill"]
[WhiteFideId "1501801"]
[BlackFideId "4158296"]
[EventDate "2023.10.27"]
[EventType "team"]

1. e4 c6 2. Nc3 d5 3. Nf3 g6 4. d4 Bg7 5. h3 dxe4 6. Nxe4 Nf6 7. Nxf6+ Bxf6 8.
Bc4 O-O 9. O-O Nd7 10. Re1 Nb6 11. Bb3 e6 12. Bh6 Re8 13. Ne5 Nd5 14. Qf3 Qe7
15. Rad1 Bg7 16. Bxg7 Kxg7 17. c4 Nf6 18. Re3 Qc7 19. Qe2 Bd7 20. Rf3 Rf8 21.
Qe3 Rad8 22. Re1 Ng8 23. Qc3 f6 24. Nd3 Bc8 25. Nc5 Qd6 26. Rd3 Rfe8 27. Ne4 Qc7
28. c5 Re7 29. Nd6 Nh6 30. Rde3 Rxd6 31. cxd6 Qxd6 32. Qc5 Qxc5 33. dxc5 Nf5 34.
Rd3 e5 35. Rd8 Rc7 36. f4 exf4 37. Re4 Ng3 38. Ree8 Bf5 39. Bc4 Kh6 40. Bd3 Kg5
41. Kf2 Bxd3 42. Rxd3 f5 43. Kf3 Ne4 44. h4+ Kf6 45. b4 h6 46. Kxf4 g5+ 47.
hxg5+ hxg5+ 48. Ke3 a5 49. g4 axb4 50. Rf8+ Rf7 51. Rxf7+ Kxf7 52. gxf5 Nxc5 53.
Rd6 g4 54. Kd4 Na4 55. Ke5 Nb6 56. Rf6+ Ke7 57. Re6+ Kf7 58. Kf4 Nd5+ 59. Kxg4
Nc3 60. Kg5 Nxa2 61. Rh6 Nc3 62. Rh7+ Kf8 63. Rxb7 c5 64. Kf6 Ne4+ 65. Ke5 Ng5
66. Kd5 Nf7 67. f6 Ng5 68. Kxc5 Ne4+ 69. Kd5 Nxf6+ 70. Ke6 Nh5 71. Rb8+ Kg7 72.
Rxb4 Nf6 73. Rb1 Ne4 74. Rg1+ Kh6 75. Ke5 Ng5 76. Kf5 Nf3 77. Rh1+ Kg7 78. Rh3
Nd4+ 79. Ke5 Nc6+ 80. Kd6 Nd4 81. Rh1 Kf6 82. Rf1+ Kg5 83. Kd5 Nc2 84. Ke4 Nb4
85. Rf5+ Kg6 86. Rc5 Kf7 87. Rc7+ Ke8 88. Kd4 Kd8 89. Rc4 Na6 90. Kd5 Kd7 91.
Rh4 Nc7+ 92. Ke5 Kc6 93. Rh1 Kd7 94. Rc1 Ne6 95. Rd1+ Ke7 96. Ra1 Kd7 97. Ra6
Nc7 98. Rb6 Ne8 99. Rb1 Nc7 100. Rd1+ Ke7 101. Rd2 Ne8 102. Ra2 Kd7 103. Rh2 Nc7
104. Rh6 Ne8 105. Rh7+ Kc6 106. Rf7 Nc7 107. Re7 Nb5 108. Re6+ Kd7 109. Rb6 Nc7
110. Rd6+ Ke7 111. Rh6 Kd7 112. Rh7+ Kc6 113. Rxc7+ Kxc7 1/2-1/2

[Event "TCh-NOR Elite 2023-24"]
[Site "Oslo NOR"]
[Date "2023.10.28"]
[Round "2.26"]
[White "Kvisla, Johannes Luangtep"]
[Black "Fossheim, Yngve"]
[Result "1-0"]
[WhiteTitle "FM"]
[WhiteElo "2199"]
[BlackElo "2090"]
[WhiteTeam "Offerspill"]
[BlackTeam "Bergens"]
[WhiteFideId "1504533"]
[BlackFideId "1512277"]
[EventDate "2023.10.27"]
[EventType "team"]

1. e4 c5 2. Nf3 g6 3. d4 cxd4 4. Nxd4 Nc6 5. c4 Nf6 6. Nc3 d6 7. Nc2 Bg7 8. Be2
Nd7 9. Bd2 O-O 10. O-O Nc5 11. b4 Bxc3 12. Bxc3 Nxe4 13. Bb2 Be6 14. Kh1 a5 15.
b5 Ne5 16. f4 Nd7 17. Qd4 Nef6 18. g4 Qb6 19. f5 Qxd4 20. Nxd4 Bxc4 21. Bxc4
Nxg4 22. Rae1 Nge5 23. Bd5 Rab8 24. Re2 Rfc8 25. fxg6 hxg6 26. Nf3 Rc5 27. Nxe5
Nxe5 28. Bb3 Rxb5 29. Bxe5 dxe5 30. Bxf7+ Kg7 31. Bb3 Rf8 32. Rxf8 Kxf8 33. Rf2+
Kg7 34. Rf7+ Kh6 35. Rxe7 Kg5 36. Kg2 a4 37. Bg8 Kf4 38. Rf7+ Kg4 39. h3+ Kh4
40. Rh7+ Kg5 41. Kf3 Rb4 42. Bd5 b6 43. h4+ Rxh4 44. Rxh4 Kxh4 45. Bc6 g5 46.
Ke4 g4 47. Kxe5 g3 48. Kd4 Kh3 49. Kc4 g2 50. Bxg2+ Kxg2 51. Kb4 1-0

[Event "TCh-NOR Elite 2023-24"]
[Site "Oslo NOR"]
[Date "2023.10.28"]
[Round "2.31"]
[White "Notkevich, Benjamin Arvola"]
[Black "Romanov, Evgeny"]
[Result "0-1"]
[WhiteTitle "GM"]
[BlackTitle "GM"]
[WhiteElo "2462"]
[BlackElo "2596"]
[WhiteTeam "Tromso"]
[BlackTeam "Valerenga"]
[WhiteFideId "1506536"]
[BlackFideId "4148843"]
[EventDate "2023.10.27"]
[EventType "team"]

1. d4 d5 2. c4 dxc4 3. e4 Nf6 4. e5 Nd5 5. Bxc4 Nc6 6. Ne2 Bf5 7. Qb3 Na5 8.
Qa4+ Nc6 9. Qb3 Na5 10. Qa4+ Nc6 11. Nbc3 Nb6 12. Qb3 e6 13. Bb5 Be7 14. Be3 O-O
15. Rc1 Na5 16. Qd1 Nac4 17. Ng3 Bg6 18. Qe2 Nxe3 19. fxe3 c5 20. Rd1 cxd4 21.
exd4 Rc8 22. Qf3 f6 23. O-O fxe5 24. Qxb7 exd4 25. Qxa7 Rxf1+ 26. Bxf1 Bc2 27.
Rd2 d3 28. Qa6 Bc5+ 29. Kh1 Qd4 30. Nce2 Qe3 0-1

[Event "TCh-NOR Elite 2023-24"]
[Site "Oslo NOR"]
[Date "2023.10.28"]
[Round "2.32"]
[White "Bosiocic, Marin"]
[Black "Vestby-Ellingsen, Mads"]
[Result "1-0"]
[WhiteTitle "GM"]
[BlackTitle "IM"]
[WhiteElo "2549"]
[BlackElo "2336"]
[WhiteTeam "Valerenga"]
[BlackTeam "Tromso"]
[WhiteFideId "14507927"]
[BlackFideId "1520857"]
[EventDate "2023.10.27"]
[EventType "team"]

1. d4 Nf6 2. c4 e6 3. Nf3 d5 4. Nc3 Be7 5. Bf4 O-O 6. e3 c5 7. dxc5 Bxc5 8. Be2
dxc4 9. Bxc4 a6 10. a4 Nc6 11. O-O h6 12. e4 Nh5 13. Bd2 e5 14. Nd5 Nf6 15. Re1
Ng4 16. Re2 Nd4 17. Nxd4 Bxd4 18. h3 Nf6 19. Bc3 Bxc3 20. bxc3 Be6 21. Qb3 Rc8
22. Rd1 Bxd5 23. Bxd5 Nxd5 24. exd5 Qd6 25. c4 f5 26. Rc2 Rc5 27. Rb1 Rf7 28.
Qd3 e4 29. Qe2 Rfc7 30. Qh5 Rxc4 31. Rxc4 Rxc4 32. Qxf5 Qf6 33. Qxf6 gxf6 34.
Rxb7 Rxa4 35. Ra7 a5 36. Kf1 Ra3 37. Ke2 Kf8 38. d6 Rd3 39. d7 Rd5 40. Ke3 Ke7
41. Kxe4 Rxd7 42. Rxa5 Kf7 43. Kf5 Rb7 44. f4 h5 45. g4 hxg4 46. Kxg4 Kg6 47. h4
Rc7 48. h5+ Kg7 49. Kf5 Rb7 50. Rd5 Kf7 51. h6 Ra7 52. h7 Kg7 53. h8=Q+ Kxh8 54.
Kg6 Ra8 55. f5 Kg8 56. Rd6 Rb8 57. Kxf6 Kf8 58. Ra6 Rc8 59. Kg6 Rc2 60. Ra8+ Ke7
61. f6+ Ke6 62. Re8+ 1-0

[Event "TCh-NOR Elite 2023-24"]
[Site "Oslo NOR"]
[Date "2023.10.28"]
[Round "2.33"]
[White "Lund, Gunnar"]
[Black "Holm, Kristian Stuvik"]
[Result "1/2-1/2"]
[WhiteTitle "FM"]
[BlackTitle "IM"]
[WhiteElo "2335"]
[BlackElo "2492"]
[WhiteTeam "Tromso"]
[BlackTeam "Valerenga"]
[WhiteFideId "1520814"]
[BlackFideId "1508083"]
[EventDate "2023.10.27"]
[EventType "team"]

1. d4 Nf6 2. c4 e6 3. g3 d5 4. Nf3 Nbd7 5. Bg2 dxc4 6. O-O c6 7. Qc2 b5 8. b3
cxb3 9. Qxc6 Rb8 10. axb3 Bb7 11. Qc2 Rc8 12. Qb2 a6 13. Bd2 Bd6 14. Bf4 Bxf4
15. gxf4 Nd5 16. e3 O-O 17. Nbd2 Qe7 18. Rfc1 Qb4 19. Ne1 Qd6 20. Ne4 Qb6 21.
Nd3 Rxc1+ 22. Rxc1 N5f6 23. Ndc5 Bxe4 24. Nxe4 Nxe4 25. Bxe4 Nf6 26. Bf3 Nd5 27.
Rc5 Rd8 28. Qc2 g6 29. Bxd5 Rxd5 30. b4 Kg7 31. Qc3 Qd8 32. Kg2 Qf6 33. Qc2 Qh4
34. h3 Qd8 35. Qe4 Qd6 36. Kf1 Qd7 37. Kg2 Qd6 38. Kf1 Qd7 1/2-1/2

[Event "TCh-NOR Elite 2023-24"]
[Site "Oslo NOR"]
[Date "2023.10.28"]
[Round "2.34"]
[White "Hobber, Anders"]
[Black "Myagmarsuren, Evsuld"]
[Result "1-0"]
[WhiteTitle "FM"]
[WhiteElo "2348"]
[BlackElo "2138"]
[WhiteTeam "Valerenga"]
[BlackTeam "Tromso"]
[WhiteFideId "1505424"]
[BlackFideId "1551639"]
[EventDate "2023.10.27"]
[EventType "team"]

1. Nf3 Nf6 2. g3 g6 3. Bg2 Bg7 4. O-O O-O 5. d4 d5 6. c3 Ne4 7. Nbd2 c5 8. e3
Nxd2 9. Nxd2 cxd4 10. exd4 Nc6 11. Nb3 b6 12. Re1 e6 13. Bf4 Bb7 14. Nc1 Qd7 15.
Nd3 Rad8 16. Qd2 Ba6 17. Rad1 Rfe8 18. h4 h5 19. Ne5 Nxe5 20. Bxe5 Rc8 21. Bxg7
Kxg7 22. Re5 Qa4 23. a3 Qb5 24. Rde1 Red8 25. g4 hxg4 26. h5 Qd3 27. Qf4 Qc2 28.
h6+ Kh7 29. Qxf7+ Kxh6 30. Qf4+ Kg7 31. Rxe6 Qf5 32. Re7+ Kg8 33. Qh6 g5 34.
Qg7# 1-0

[Event "TCh-NOR Elite 2023-24"]
[Site "Oslo NOR"]
[Date "2023.10.28"]
[Round "2.35"]
[White "Royset, Pal"]
[Black "Fossum, Oystein Boyum"]
[Result "1/2-1/2"]
[WhiteTitle "CM"]
[BlackTitle "FM"]
[WhiteElo "2070"]
[BlackElo "2314"]
[WhiteTeam "Tromso"]
[BlackTeam "Valerenga"]
[WhiteFideId "1501330"]
[BlackFideId "1503430"]
[EventDate "2023.10.27"]
[EventType "team"]

1. d4 e6 2. e4 d5 3. Nc3 Nf6 4. e5 Nfd7 5. f4 c5 6. Nf3 Nc6 7. Be3 a6 8. Qd2 b5
9. dxc5 Bxc5 10. Bxc5 Nxc5 11. Bd3 Qb6 12. Qf2 b4 13. Ne2 a5 14. O-O Rb8 15.
Rfd1 Na4 16. Qxb6 Rxb6 17. b3 Nb2 18. Rd2 Ke7 19. Ned4 Nxd3 20. cxd3 Bd7 21. Rc2
Ra8 22. Rac1 Nxd4 23. Nxd4 a4 24. Kf2 Rba6 25. Rc7 axb3 26. axb3 Ra2+ 27. Ke3
Kd8 28. R1c2 Rxc2 29. Rxc2 Ra1 30. Rb2 Re1+ 31. Re2 Rh1 32. g3 Kc7 33. Ra2 Kb7
34. h4 Rg1 35. Kf2 Rd1 36. Ke3 Rg1 37. Ne2 Rb1 38. Kd2 Rf1 39. Ke3 Rb1 40. Nd4
Rg1 41. Kf2 Rd1 42. Ke3 1/2-1/2

[Event "TCh-NOR Elite 2023-24"]
[Site "Oslo NOR"]
[Date "2023.10.28"]
[Round "2.36"]
[White "Westrum, Kim Roger Hansen"]
[Black "Torfoss, Sivert Schanche"]
[Result "1/2-1/2"]
[WhiteTitle "CM"]
[WhiteElo "2146"]
[BlackElo "1993"]
[WhiteTeam "Valerenga"]
[BlackTeam "Tromso"]
[WhiteFideId "1540009"]
[BlackFideId "1542761"]
[EventDate "2023.10.27"]
[EventType "team"]

1. e4 e5 2. Nf3 Nc6 3. Bb5 a6 4. Ba4 Nf6 5. O-O Be7 6. Re1 b5 7. Bb3 O-O 8. a4
b4 9. a5 d6 10. d3 Bg4 11. Be3 d5 12. h3 Bh5 13. Nbd2 h6 14. c3 bxc3 15. bxc3 d4
16. cxd4 exd4 17. Bf4 Bb4 18. g4 Nxg4 19. hxg4 Bxg4 20. Bd5 Qf6 21. Bxc6 Qxf4
22. e5 Bxf3 23. Nxf3 Bxe1 24. Bxa8 Bc3 25. Be4 Bxa1 26. Qxa1 c5 27. Qa2 Rb8 28.
Qd5 Rb1+ 29. Kg2 Qg4+ 30. Kh2 Qf4+ 31. Kg2 Qg4+ 32. Kh2 Qf4+ 1/2-1/2

[Event "TCh-NOR Elite 2023-24"]
[Site "Oslo NOR"]
[Date "2023.10.28"]
[Round "2.41"]
[White "Can, Isik"]
[Black "Kvaloy, Aksel Bu"]
[Result "0-1"]
[WhiteTitle "IM"]
[BlackTitle "IM"]
[WhiteElo "2493"]
[BlackElo "2454"]
[WhiteTeam "SK 1911"]
[BlackTeam "Stavanger"]
[WhiteFideId "6383742"]
[BlackFideId "1528815"]
[EventDate "2023.10.27"]
[EventType "team"]

1. e4 e5 2. Nf3 Nc6 3. d4 exd4 4. Bc4 Nf6 5. e5 Ne4 6. Qe2 Nc5 7. O-O Be7 8. c3
d3 9. Qe3 d5 10. exd6 Qxd6 11. b4 Nd7 12. Re1 Nb6 13. Bb3 Be6 14. b5 Na5 15. Nd4
Nxb3 16. axb3 Bf6 17. Ba3 Qd5 18. Nd2 O-O-O 19. Bb2 Bxd4 20. cxd4 Qxb5 21. Rec1
Nd5 22. Qg3 Kb8 23. Rc5 Qb4 24. Bc3 Qb6 25. Qxd3 Nxc3 26. Qxc3 Qd6 27. Qa5 a6
28. Nc4 Bxc4 29. Rxc4 Rhe8 30. h3 Re4 31. Rac1 Qb6 32. Qf5 Rexd4 33. Rxd4 Qxd4
34. Qxf7 Qe5 35. g3 b6 36. h4 a5 37. Qc4 h6 38. Qf7 Kb7 39. Qg6 Rd6 40. Qf7 Rd8
41. Qg6 Rd6 42. Qf7 Rd3 43. h5 Rxg3+ 44. fxg3 Qe3+ 45. Kh2 Qxc1 46. Qxg7 b5 47.
Qf7 Qb2+ 48. Kh3 a4 49. Qd5+ Kb6 50. Qe6+ c6 51. Qe3+ Kb7 52. Qe7+ Ka6 53. Qc5
a3 54. b4 Qf6 55. Qe3 Qf5+ 56. g4 Qf1+ 57. Kg3 Qa1 58. Qe8 Qc3+ 59. Kg2 Qxb4 60.
Qxc6+ Ka5 61. Qa8+ Kb6 62. Qd8+ Kc5 63. Qe7+ Kc4 64. Qe4+ Kb3 65. Qb1+ Ka4 66.
Qd1+ Qb3 67. Qd4+ Qc4 0-1

[Event "TCh-NOR Elite 2023-24"]
[Site "Oslo NOR"]
[Date "2023.10.28"]
[Round "2.42"]
[White "Gjestemoen-VonHirsch, Andre"]
[Black "Isik, Alparslan"]
[Result "0-1"]
[WhiteTitle "FM"]
[BlackTitle "IM"]
[WhiteElo "2295"]
[BlackElo "2452"]
[WhiteTeam "Stavanger"]
[BlackTeam "SK 1911"]
[WhiteFideId "1539531"]
[BlackFideId "34506896"]
[EventDate "2023.10.27"]
[EventType "team"]

1. Nf3 d5 2. g3 g6 3. Bg2 Bg7 4. d4 Nf6 5. c4 c6 6. O-O O-O 7. a4 Be6 8. Nc3
dxc4 9. e4 Na6 10. Qe2 Nb4 11. Be3 Ng4 12. Ng5 Bc8 13. h3 Nxe3 14. fxe3 Nd3 15.
e5 f6 16. Nge4 Be6 17. b3 Qa5 18. exf6 exf6 19. Rad1 f5 20. Ng5 Rae8 21. Nxe6
Rxe6 22. bxc4 Qxc3 23. Rxd3 Qxc4 24. d5 Rd6 25. Rf4 Qa6 26. e4 Re8 27. Qc2 Bh6
28. exf5 Bxf4 29. gxf4 Qb6+ 30. Kf1 Qb4 31. Qc1 Rf8 32. fxg6 Qxf4+ 33. Qxf4
Rxf4+ 34. Ke2 Rxg6 35. Bf3 Rd6 36. a5 Ra4 37. Rb3 cxd5 38. Rxb7 Rxa5 0-1

[Event "TCh-NOR Elite 2023-24"]
[Site "Oslo NOR"]
[Date "2023.10.28"]
[Round "2.43"]
[White "Risting, Eivind Olav"]
[Black "Shehzad, Shazil"]
[Result "0-1"]
[WhiteTitle "FM"]
[BlackTitle "FM"]
[WhiteElo "2336"]
[BlackElo "2301"]
[WhiteTeam "SK 1911"]
[BlackTeam "Stavanger"]
[WhiteFideId "1517333"]
[BlackFideId "1521942"]
[EventDate "2023.10.27"]
[EventType "team"]

1. d4 d5 2. c4 e6 3. Nc3 c6 4. e3 Nf6 5. Nf3 Nbd7 6. b3 Bd6 7. Be2 O-O 8. O-O b6
9. Bb2 Bb7 10. Qc2 Qe7 11. Rad1 Rad8 12. h3 Rfe8 13. Rfe1 c5 14. cxd5 exd5 15.
dxc5 Nxc5 16. Nb5 Bb8 17. Nbd4 a6 18. Rc1 Qd7 19. b4 Nce4 20. Nc6 Rc8 21. Nxb8
Rxc2 22. Nxd7 Rxb2 23. Rc7 Nxd7 24. Rxb7 Rd8 25. Nd4 Nef6 26. Bxa6 Rxa2 27. Bb5
g6 28. Rc1 Ne5 29. Rxb6 Ne4 30. f3 Nd2 31. Rb7 Ndc4 32. Bxc4 Nxc4 33. e4 Ne3 34.
g4 dxe4 35. Nc6 Rdd2 0-1

[Event "TCh-NOR Elite 2023-24"]
[Site "Oslo NOR"]
[Date "2023.10.28"]
[Round "2.44"]
[White "Kizatbay, Abyl"]
[Black "Vitenberg, Noam Aviv"]
[Result "0-1"]
[BlackTitle "FM"]
[WhiteElo "2177"]
[BlackElo "2335"]
[WhiteTeam "Stavanger"]
[BlackTeam "SK 1911"]
[WhiteFideId "1521853"]
[BlackFideId "1532138"]
[EventDate "2023.10.27"]
[EventType "team"]

1. e4 e5 2. Nf3 Nc6 3. Bb5 Nf6 4. d3 Bc5 5. O-O Nd4 6. Nxd4 Bxd4 7. c3 Bb6 8. h3
O-O 9. Bg5 h6 10. Bh4 d6 11. Nd2 Be6 12. Bc4 Re8 13. a4 c6 14. Re1 a6 15. a5 Bc7
16. Qf3 Qe7 17. d4 exd4 18. cxd4 Bxc4 19. Bxf6 Qe6 20. Nxc4 Qxc4 21. Qg4 g6 22.
d5 Bd8 23. Bc3 Be7 24. h4 cxd5 25. Qf4 d4 26. Bd2 h5 27. Rac1 Qb5 28. e5 Qd5 29.
Rc7 Rac8 30. exd6 Bxd6 31. Rxc8 Rxc8 32. Qf6 Bf8 33. Bg5 Qxa5 34. Rd1 Bg7 35.
Qe7 Qb5 36. b4 Re8 37. Qd6 Be5 38. Qc5 Qxc5 39. bxc5 Rc8 40. Be7 Rc7 41. Bd6
Bxd6 42. cxd6 Rd7 43. Rxd4 Kg7 44. Kh2 Kf6 45. Rb4 b5 46. Rd4 Ke5 47. Rd3 Rxd6
48. f4+ Ke6 49. f5+ gxf5 50. Rg3 b4 0-1

[Event "TCh-NOR Elite 2023-24"]
[Site "Oslo NOR"]
[Date "2023.10.28"]
[Round "2.45"]
[White "Lindbol, Aleksander"]
[Black "Fossan, Aleksander"]
[Result "0-1"]
[WhiteTitle "CM"]
[WhiteElo "2226"]
[BlackElo "2138"]
[WhiteTeam "SK 1911"]
[BlackTeam "Stavanger"]
[WhiteFideId "1520644"]
[BlackFideId "1519794"]
[EventDate "2023.10.27"]
[EventType "team"]

1. c4 c5 2. Nc3 g6 3. Nf3 Bg7 4. g3 Nc6 5. Bg2 d6 6. d3 e5 7. Nd2 Nge7 8. Nf1
O-O 9. Ne3 a6 10. Ned5 Rb8 11. a4 Nxd5 12. Nxd5 Bd7 13. h4 Bg4 14. Ne3 Be6 15.
h5 Nd4 16. h6 Bh8 17. O-O b5 18. axb5 axb5 19. Nd5 bxc4 20. dxc4 Qd7 21. e3 Nb3
22. Ra6 Nxc1 23. Qxc1 f5 24. Rd1 e4 25. Rxd6 Qf7 26. Nc3 Rfc8 27. Bf1 Be5 28.
R6d2 g5 29. Nd5 Kh8 30. Bg2 Rf8 31. Re1 Qg6 32. Ne7 Qf6 33. Nd5 Qxh6 34. Qa1 Ra8
35. Qc1 Qg7 36. Ree2 Ra2 37. g4 Rfa8 38. Rd1 fxg4 39. Bxe4 g3 40. f3 Rxb2 41.
Rxb2 Bxb2 42. Qc2 Ra1 43. Rxa1 Bxa1 44. Qb1 Be5 45. Kg2 Qh6 46. Qh1 Qxh1+ 47.
Kxh1 Bh3 48. f4 gxf4 49. exf4 Bd4 50. f5 Bf1 51. Nf4 Bxc4 52. Nh5 Be5 53. Kg2 h6
54. Nxg3 Bxg3 55. Kxg3 Kg7 56. Kf4 Kf6 57. Bb1 Bf1 58. Be4 c4 59. Bd5 Bd3 0-1

[Event "TCh-NOR Elite 2023-24"]
[Site "Oslo NOR"]
[Date "2023.10.28"]
[Round "2.46"]
[White "Hestholm, Gustav"]
[Black "Dahl, Max"]
[Result "0-1"]
[WhiteElo "2010"]
[BlackElo "2188"]
[WhiteTeam "Stavanger"]
[BlackTeam "SK 1911"]
[WhiteFideId "1529153"]
[BlackFideId "1526626"]
[EventDate "2023.10.27"]
[EventType "team"]

1. e4 c5 2. Nf3 Nc6 3. Bb5 g6 4. Bxc6 dxc6 5. d3 Bg7 6. h3 e5 7. O-O Qe7 8. a4
Nf6 9. Na3 Nd7 10. Bg5 f6 11. Bd2 Nf8 12. Nh2 Ne6 13. Qc1 O-O 14. Re1 b6 15. Nc4
Re8 16. f4 Nxf4 17. Bxf4 exf4 18. Qxf4 Be6 19. Ne3 Rad8 20. Nf3 Qd6 21. Qh4 Bf7
22. Rad1 Rd7 23. Kh1 Rde7 24. b3 h6 25. Nc4 Qc7 26. Ncd2 b5 27. Qf2 Qb6 28. a5
Qxa5 29. Qxc5 Qb6 30. Qxb6 axb6 31. Ra1 c5 32. Ra6 Rb7 33. Rea1 Ree7 34. Ra8+
Kh7 35. R1a6 f5 36. Rd8 Bc3 37. Rd6 Re6 38. Rxe6 Bxe6 39. Nb1 Bf6 40. e5 Bg7 41.
Nc3 g5 42. Nxb5 g4 43. Nd6 gxf3 44. Nxb7 Bd5 45. gxf3 Bxb7 46. Rxb6 Bxf3+ 47.
Kg1 Bxe5 48. b4 Bd4+ 49. Kf1 cxb4 50. Rxb4 Be3 51. c4 Kg6 52. Rb5 Kf6 53. c5 Ke6
54. Rb6+ Kd5 55. Ra6 h5 56. c6 Kd6 57. Ra5 f4 58. Ra6 Kc7 59. Ra5 Kxc6 60. Rf5
Kd6 61. Rg5 Ke6 62. Rb5 Kf6 63. Ra5 Bd4 64. Rb5 Ke6 65. Rb4 Ke5 66. Rb8 Be3 67.
Rb4 Bd5 68. Ke2 Bd4 69. Rb8 f3+ 70. Kf1 Be6 71. Rb5+ Kf4 72. Rxh5 Bf5 73. Rh4+
Kg3 74. Rxd4 Bxh3+ 75. Kg1 f2+ 76. Kh1 Bg2# 0-1

[Event "TCh-NOR Elite 2023-24"]
[Site "Oslo NOR"]
[Date "2023.10.28"]
[Round "2.51"]
[White "Sklyarov, Dmitry V."]
[Black "Ostenstad, Berge"]
[Result "1-0"]
[WhiteTitle "IM"]
[BlackTitle "GM"]
[WhiteElo "2447"]
[BlackElo "2427"]
[WhiteTeam "Alta"]
[BlackTeam "Asker"]
[WhiteFideId "4157052"]
[BlackFideId "1500058"]
[EventDate "2023.10.27"]
[EventType "team"]

1. c4 Nf6 2. Nc3 c5 3. Nf3 e6 4. d4 cxd4 5. Nxd4 d5 6. e3 Nc6 7. cxd5 exd5 8.
Bb5 Bd7 9. O-O Bd6 10. Nf3 Be6 11. b3 O-O 12. Bb2 a6 13. Bd3 Bg4 14. h3 Bh5 15.
Be2 Re8 16. Nh4 Bg6 17. Nxg6 hxg6 18. Bf3 Be5 19. Rb1 d4 20. exd4 Bxd4 21. Na4
Ba7 22. Bxc6 bxc6 23. Qxd8 Raxd8 24. Bxf6 gxf6 25. Rb2 Re6 26. Rc1 Red6 27. Re2
Kf8 28. g3 Re8 29. Kf1 Rxe2 30. Kxe2 Ke8 31. g4 Kd7 32. Nc5+ Bxc5 33. Rxc5 Kc7
34. h4 Re6+ 35. Kf1 Kd6 36. Ra5 Re5 37. Rxa6 f5 38. Ra7 Ke6 39. Rc7 c5 40. g5
Re4 41. Rxc5 Rxh4 42. Rc6+ Ke5 43. Rc7 Rg4 44. Rc4 f4 45. Ke2 Kd6 46. Kf3 Rxg5
47. Rxf4 f5 48. Ra4 Rg1 49. Kf4 Ke6 50. Ra6+ Kd5 51. f3 Rg2 52. a4 g5+ 53. Kxf5
Rg3 54. Ra5+ Kd4 55. Rb5 Rxf3+ 56. Kxg5 Rf1 57. a5 Rf2 58. b4 Kc4 59. Rb6 1-0

[Event "TCh-NOR Elite 2023-24"]
[Site "Oslo NOR"]
[Date "2023.10.28"]
[Round "2.52"]
[White "Miezis, Normunds"]
[Black "Mikalsen, Erlend"]
[Result "1-0"]
[WhiteTitle "GM"]
[BlackTitle "IM"]
[WhiteElo "2391"]
[BlackElo "2338"]
[WhiteTeam "Asker"]
[BlackTeam "Alta"]
[WhiteFideId "11600136"]
[BlackFideId "1507338"]
[EventDate "2023.10.27"]
[EventType "team"]

1. c4 e5 2. Nc3 Bb4 3. Nd5 a5 4. Nf3 d6 5. a3 Bc5 6. e3 Nf6 7. d4 Nxd5 8. cxd5
exd4 9. exd4 Bb6 10. Bg5 f6 11. Be3 O-O 12. Bd3 Qe8 13. Qc2 Qh5 14. h3 f5 15.
O-O-O f4 16. g4 Qh6 17. Bd2 Kh8 18. Rdg1 c6 19. h4 cxd5 20. Qb3 Bd8 21. Ng5 1-0